<?xml version="1.0" encoding="UTF-8"?>
<record
    xmlns:xsi="http://www.w3.org/2001/XMLSchema-instance"
    xsi:schemaLocation="http://www.loc.gov/MARC21/slim http://www.loc.gov/standards/marcxml/schema/MARC21slim.xsd"
    xmlns="http://www.loc.gov/MARC21/slim">

  <leader>00957nam a2200253 a 4500</leader>
  <controlfield tag="001">BRCA_1122</controlfield>
  <controlfield tag="005">20190320203305.0</controlfield>
  <controlfield tag="008">990716s1998    mx-a---##b---#110-0#spa-#</controlfield>
  <datafield tag="020" ind1=" " ind2=" ">
    <subfield code="a">970181214X</subfield>
  </datafield>
  <datafield tag="040" ind1=" " ind2=" ">
    <subfield code="a">DLC</subfield>
    <subfield code="c">DLC</subfield>
    <subfield code="d">DLC</subfield>
  </datafield>
  <datafield tag="050" ind1=" " ind2="4">
    <subfield code="a">N6553</subfield>
    <subfield code="b">.M45 1998</subfield>
  </datafield>
  <datafield tag="245" ind1="1" ind2="0">
    <subfield code="a">Mensaje de las im&#xE1;genes</subfield>
    <subfield code="b">homenaje al doctor Santiago Sebasti&#xE1;n : in memoriam</subfield>
    <subfield code="c">Jos&#xE9; Antonio Ter&#xE1;n Bonilla coordinador.</subfield>
  </datafield>
  <datafield tag="260" ind1=" " ind2=" ">
    <subfield code="a">M&#xE9;xico</subfield>
    <subfield code="b">INAH</subfield>
    <subfield code="c">1998</subfield>
  </datafield>
  <datafield tag="300" ind1=" " ind2=" ">
    <subfield code="a">146 p.</subfield>
    <subfield code="b">il.</subfield>
    <subfield code="c">26 cm.</subfield>
  </datafield>
  <datafield tag="440" ind1=" " ind2="0">
    <subfield code="a">Colecci&#xF3;n Cient&#xED;fica</subfield>
    <subfield code="9">470</subfield>
  </datafield>
  <datafield tag="500" ind1=" " ind2=" ">
    <subfield code="a">Papeles presentados en una conferencia en la Ciudad de M&#xE9;xico, 19-20 junio, 1995</subfield>
  </datafield>
  <datafield tag="500" ind1=" " ind2=" ">
    <subfield code="a">2do. ejemplar en el &#xC1;rea de Investigaci&#xF3;n</subfield>
  </datafield>
  <datafield tag="504" ind1=" " ind2=" ">
    <subfield code="a">Incluye referencias bibliograficas</subfield>
  </datafield>
  <datafield tag="650" ind1="1" ind2="4">
    <subfield code="a">Arte mexicano</subfield>
    <subfield code="v">Congresos</subfield>
    <subfield code="9">2347</subfield>
  </datafield>
  <datafield tag="650" ind1="1" ind2="4">
    <subfield code="a">Arte colonial</subfield>
    <subfield code="v">Congresos</subfield>
    <subfield code="z">M&#xE9;xico</subfield>
    <subfield code="9">2344</subfield>
  </datafield>
  <datafield tag="650" ind1="1" ind2="4">
    <subfield code="a">Arte cristiano y simbolismo</subfield>
    <subfield code="v">Congresos</subfield>
    <subfield code="z">M&#xE9;xico</subfield>
    <subfield code="9">3699</subfield>
  </datafield>
  <datafield tag="700" ind1="1" ind2=" ">
    <subfield code="a">Ter&#xE1;n Bonilla, Jos&#xE9; Antonio</subfield>
    <subfield code="9">966</subfield>
  </datafield>
  <datafield tag="942" ind1=" " ind2=" ">
    <subfield code="2">lcc</subfield>
    <subfield code="c">B</subfield>
  </datafield>
  <datafield tag="999" ind1=" " ind2=" ">
    <subfield code="c">1000</subfield>
    <subfield code="d">1000</subfield>
  </datafield>
  <datafield tag="952" ind1=" " ind2=" ">
    <subfield code="0">0</subfield>
    <subfield code="1">0</subfield>
    <subfield code="4">0</subfield>
    <subfield code="7">0</subfield>
    <subfield code="a">BRCA</subfield>
    <subfield code="b">BRCA</subfield>
    <subfield code="d">2008-06-26</subfield>
    <subfield code="l">0</subfield>
    <subfield code="o">N6553 .M45 1998</subfield>
    <subfield code="p">01647</subfield>
    <subfield code="r">2019-03-22 00:00:00</subfield>
    <subfield code="w">2019-03-22</subfield>
    <subfield code="y">B</subfield>
  </datafield>
  <datafield tag="952" ind1=" " ind2=" ">
    <subfield code="0">0</subfield>
    <subfield code="1">0</subfield>
    <subfield code="4">0</subfield>
    <subfield code="7">0</subfield>
    <subfield code="8">AG</subfield>
    <subfield code="a">BRCA</subfield>
    <subfield code="b">BRCA</subfield>
    <subfield code="d">2012-02-02</subfield>
    <subfield code="l">0</subfield>
    <subfield code="o">N6553 .M45 1998</subfield>
    <subfield code="p">02609</subfield>
    <subfield code="r">2019-03-22 00:00:00</subfield>
    <subfield code="w">2019-03-22</subfield>
    <subfield code="y">B</subfield>
  </datafield>
</record>
